La capacidad de los menores para disponer sobre su propio cuerpo / (Registro nro. 5674)
[ vista simple ]
| 000 -LEADER | |
|---|---|
| fixed length control field | 01639nab a22002657a 4500 |
| 003 - CONTROL NUMBER IDENTIFIER | |
| control field | OSt |
| 005 - DATE AND TIME OF LATEST TRANSACTION | |
| control field | 20251227011002.0 |
| 008 - FIXED-LENGTH DATA ELEMENTS--GENERAL INFORMATION | |
| fixed length control field | 190603e xxum|||| |||| 00| 0 spa d |
| 040 ## - CATALOGING SOURCE | |
| Transcribing agency | PJ |
| 100 ## - MAIN ENTRY--PERSONAL NAME | |
| 9 (RLIN) | 1330 |
| Personal name | Rivera, Julio César |
| 245 13 - TITLE STATEMENT | |
| Title | La capacidad de los menores para disponer sobre su propio cuerpo / |
| Statement of responsibility, etc | Julio César Rivera, Alejo M. Gascón. |
| 260 ## - PUBLICATION, DISTRIBUTION, ETC. (IMPRINT) | |
| Date of publication, distribution, etc | Ciudad Autónoma de Buenos Aires : |
| Place of publication, distribution, etc | Thomson Reuters La Ley, |
| Name of publisher, distributor, etc | 2025. |
| 300 ## - PHYSICAL DESCRIPTION | |
| Extent | p. 21-36 |
| 500 ## - GENERAL NOTE | |
| General note | Cita: TR LALEY AR/DOC/1786/2025 <br/>Publicado en: RCCyC 2025 (agosto). |
| 505 ## - FORMATTED CONTENTS NOTE | |
| Formatted contents note | Sumario: I. Introducción.— II. La evolución del régimen de capacidad de los menores de edad: del Cód. Civil de 1869 al Cód. Civ. y Com. 2015.— III. La capacidad de los menores en el Cód. Civ. y Com.— IV. La capacidad de los menores con relación a la disposición de su propio cuerpo en el Cód. Civ. y Com.— V. Ley de Identidad de Género. Modificación por DNU.— VI. Jurisprudencia reciente sobre capacidad progresiva: del reconocimiento formal a la operatividad práctica.— VII. A modo de cierre. |
| 505 ## - FORMATTED CONTENTS NOTE | |
| Title | ¿Te interesa el texto completo? Solicitalo al correo: koha@justierradelfuego.gov.ar |
| 650 #0 - SUBJECT ADDED ENTRY--TOPICAL TERM | |
| 9 (RLIN) | 1497 |
| Topical term or geographic name as entry element | CODIGO CIVIL Y COMERCIAL |
| 650 #0 - SUBJECT ADDED ENTRY--TOPICAL TERM | |
| 9 (RLIN) | 2741 |
| Topical term or geographic name as entry element | DERECHOS DE LAS NIÑAS, NIÑOS Y ADOLESCENTES |
| 650 #0 - SUBJECT ADDED ENTRY--TOPICAL TERM | |
| 9 (RLIN) | 4305 |
| Topical term or geographic name as entry element | DERECHO A LA IDENTIDAD DE GÉNERO |
| 650 #0 - SUBJECT ADDED ENTRY--TOPICAL TERM | |
| 9 (RLIN) | 5585 |
| Topical term or geographic name as entry element | CONSENTIMIENTO |
| 650 #0 - SUBJECT ADDED ENTRY--TOPICAL TERM | |
| 9 (RLIN) | 4418 |
| Topical term or geographic name as entry element | TRATAMIENTO MÉDICO |
| 700 ## - ADDED ENTRY--PERSONAL NAME | |
| 9 (RLIN) | 6047 |
| Personal name | Gascón, Alejo M. |
| Función | coautor |
| 773 0# - HOST ITEM ENTRY | |
| Host Biblionumber | 2713 |
| Host Itemnumber | 3170 |
| Place, publisher, and date of publication | Ciudad Autónoma de Buenos Aires : Thomson Reuters La Ley, 2015- |
| Title | Revista Código Civil y Comercial. Nº 4 - Agosto 2025 |
| 942 ## - ADDED ENTRY ELEMENTS (KOHA) | |
| Source of classification or shelving scheme | |
| Koha item type | Analítica Artículo de Revista |
No hay ítems disponibles.
